Los sindicatos y las maquilas (primera parte)

保存先:
書誌詳細
フォーマット: テキスト
主題:
タグ: タグ追加
タグなし, このレコードへの初めてのタグを付けませんか!

MARC

LEADER 00000 a a2200000 04500
001 6013
003
040
245 |a Los sindicatos y las maquilas (primera parte)  
650 |a SINDICATOS  
650 |a INDUSTRIA DE ENSAMBLAJE  
650 |a GOBIERNO  
650 |a EXPORTACIONES  
650 |a DERECHOS HUMANOS  
650 |a EMPRESAS  
650 |a ECONOMIA  
650 |a OBREROS  
773 |g volumen 16, número 687; páginas 8-9  
999 |c 24557  |d 24557